Découvrir la biologie (Record no. 51468)

MARC details
000 -LEADER
fixed length control field 00568nam a22001937a 4500
003 - CONTROL NUMBER IDENTIFIER
control field 0
005 - DATE AND TIME OF LATEST TRANSACTION
control field 20160609171733.0
008 - FIXED-LENGTH DATA ELEMENTS--GENERAL INFORMATION
fixed length control field 130612t xxu||||| |||| 00| 0 eng d
020 ## - NUMERO INTERNATIONAL NORMALISE DES LIVRES
International Standard Book Number 2915236240
040 ## - SOURCE DU CATALOGAGE
Original cataloging agency BUAC
Language of cataloging Fre
Transcribing agency BFSS
100 ## - VEDETTE PRINCIPALE - NOM DE PERSONNE
Personal name Michael, Cain
9 (RLIN) 24566
245 ## - TITLE STATEMENT
Title Découvrir la biologie
Statement of responsibility, etc /apr: Cain, Michael; Damman, Luc
260 ## - PUBLICATION, DISTRIBUTION, ETC. (IMPRINT)
Place of publication, distribution, etc Bruxelles
Name of publisher, distributor, etc de boeck
Date of publication, distribution, etc 2006
300 ## - PHYSICAL DESCRIPTION
Extent 728p.
Other physical details ill., couv. ill. en coul., fig.
Dimensions 28cm
504 ## - BIBLIOGRAPHY, ETC. NOTE
Bibliography, etc Trad. de: <<Discover biology>>
653 ## - INDEX TERM--UNCONTROLLED
Uncontrolled term Biologie
700 ## - ADDED ENTRY--PERSONAL NAME
Personal name Damman, Hans; Luc, Robert
9 (RLIN) 24567
942 ## - ADDED ENTRY ELEMENTS (KOHA)
Koha item type Livre
Holdings
Withdrawn status Lost status Damaged status Not for loan Location (home branch) Sublocation or collection (holding branch) Date acquired Source of acquisition Koha issues (times borrowed) Koha full call number Piece designation (barcode) Koha date last seen Copy number Price effective from Koha item type
        Bibliothèque Faculté des Sciences de la Santé Bibliothèque Faculté des Sciences de la Santé   Achat   QH 307 DEC 9933BFSS 12/06/2013 1 12/06/2013 Livre


© 2008, Bibliothèques de l'Université d'Abomey-Calavi

04 BP 789 Cotonou, Tél. : +229 21 36 01 01, Fax : +229 21 35 06 32

Courriel : bu@bu.uac.bj